<?xml version="1.0" encoding="UTF-8"?><?xml-stylesheet type="text/xsl" href="static/style.xsl"?><OAI-PMH xmlns="http://www.openarchives.org/OAI/2.0/" xmlns:xsi="http://www.w3.org/2001/XMLSchema-instance" xsi:schemaLocation="http://www.openarchives.org/OAI/2.0/ http://www.openarchives.org/OAI/2.0/OAI-PMH.xsd"><responseDate>2026-04-18T00:24:39Z</responseDate><request verb="GetRecord" identifier="oai:www.recercat.cat:2445/197665" metadataPrefix="marc">https://recercat.cat/oai/request</request><GetRecord><record><header><identifier>oai:recercat.cat:2445/197665</identifier><datestamp>2025-12-05T12:38:46Z</datestamp><setSpec>com_2072_1057</setSpec><setSpec>col_2072_478916</setSpec><setSpec>col_2072_478917</setSpec></header><metadata><record xmlns="http://www.loc.gov/MARC21/slim" xmlns:dcterms="http://purl.org/dc/terms/" xmlns:xsi="http://www.w3.org/2001/XMLSchema-instance" xmlns:doc="http://www.lyncode.com/xoai" xsi:schemaLocation="http://www.loc.gov/MARC21/slim http://www.loc.gov/standards/marcxml/schema/MARC21slim.xsd">
   <leader>00925njm 22002777a 4500</leader>
   <datafield ind2=" " ind1=" " tag="042">
      <subfield code="a">dc</subfield>
   </datafield>
   <datafield ind2=" " ind1=" " tag="720">
      <subfield code="a">Brunet, Aina</subfield>
      <subfield code="e">author</subfield>
   </datafield>
   <datafield ind2=" " ind1=" " tag="720">
      <subfield code="a">Milara, Javier</subfield>
      <subfield code="e">author</subfield>
   </datafield>
   <datafield ind2=" " ind1=" " tag="720">
      <subfield code="a">Frías, Soledad</subfield>
      <subfield code="e">author</subfield>
   </datafield>
   <datafield ind2=" " ind1=" " tag="720">
      <subfield code="a">Cortijo, Julio</subfield>
      <subfield code="e">author</subfield>
   </datafield>
   <datafield ind2=" " ind1=" " tag="720">
      <subfield code="a">Armengot, Miguel</subfield>
      <subfield code="e">author</subfield>
   </datafield>
   <datafield ind2=" " ind1=" " tag="260">
      <subfield code="c">2023-05-08T11:16:15Z</subfield>
   </datafield>
   <datafield ind2=" " ind1=" " tag="260">
      <subfield code="c">2023-05-08T11:16:15Z</subfield>
   </datafield>
   <datafield ind2=" " ind1=" " tag="260">
      <subfield code="c">2023-02-09</subfield>
   </datafield>
   <datafield ind2=" " ind1=" " tag="260">
      <subfield code="c">2023-04-14T10:55:02Z</subfield>
   </datafield>
   <datafield ind2=" " ind1=" " tag="520">
      <subfield code="a">Background: Factors influencing the quality of life (QoL) of patients with chronic rhinosinusitis with nasal polyposis (CRSwNP) are poorly understood. We set out to determine the predictive factors on patients' QoL using the Sino-Nasal Outcome Test-22 (SNOT-22); (2) Methods: An ambispective analysis of data from patients diagnosed with CRSwNP in our institution. All the patients underwent a nasal polyp biopsy and completed the SNOT-22 questionnaire. Demographic and molecular data as well as the SNOT-22 scores were collected. Patients were classified in six subgroups considering the presence of asthma, non-steroidal drugs (NSAID) intolerance and corticosteroid resistance; (3) Results: The mean SNOT-22 score was 39. Considering the clinical parameters, the SNOT-22 value was significantly associated with NSAID intolerance (p = 0.04) and the endoscopic polyp score (p = 0.04). A high SNOT-22 value was also correlated with high tissue eosinophilia (p = 0.01) and high IL-8 expression; (4) Conclusions: Eosinophilia, IL-8 expression and NSAID intolerance can be used as predictors of worse QoL in patients with CRSwNP.</subfield>
   </datafield>
   <datafield tag="653" ind2=" " ind1=" ">
      <subfield code="a">Malalties otorrinolaringològiques</subfield>
   </datafield>
   <datafield tag="653" ind2=" " ind1=" ">
      <subfield code="a">Qualitat de vida</subfield>
   </datafield>
   <datafield tag="653" ind2=" " ind1=" ">
      <subfield code="a">Otorhinolaryngologic diseases</subfield>
   </datafield>
   <datafield tag="653" ind2=" " ind1=" ">
      <subfield code="a">Quality of life</subfield>
   </datafield>
   <datafield ind2="0" ind1="0" tag="245">
      <subfield code="a">Molecular and Clinical Predictors of Quality of Life in Chronic Rhinosinusitis with Nasal Polyps</subfield>
   </datafield>
</record></metadata></record></GetRecord></OAI-PMH>